00427nam a2200121Ia 4500008004100000100002200041245006200063245003800125260000900163856004100172999001900213952007300232160531s9999 xx 000 0 und d aBertolami, Orfeu. 4aThe Experimental Status of Special and General Relativity cby Orfeu Bertolami, Jorge Paramos c2012 uhttp://arxiv.org/pdf/1212.2177v1.pdf c295277d295277 001040aCLbCLd2016-05-31l0r2016-05-31 00:00:00w2016-05-31yCBE